000 00490nam a2200181 a 4500
001 1777027203628
003 YourLibrary
005 20260424161208.0
008 260424s2009##################000#0#eng##
020 _a9781439815427
082 0 4 _a344.7305289MAN
100 1 _aManley, Anthony,
_eauthor.
245 1 0 _aThe Elements of Private Investigation :
260 _bCRC Press,
_c2009.
650 0 _aBusiness & Economics.
942 _cENGLISH
040 _aYourLibrary
_beng
_cYourLibrary
999 _c619867
_d619867